Kostol s pastoračným centrom, Bratislava
Na minha lista:
| Autor principal: | |
|---|---|
| Outros Autores: | |
| Formato: | Manuscrito Livro |
| Idioma: | eslovaco |
| Publicado em: |
Bratislava
2019
|
| Assuntos: | |
| Acesso em linha: | http://is.stuba.sk/zp/portal_zp.pl?podrobnosti=146052 |
| Tags: |
Sem tags, seja o primeiro a adicionar uma tag!
|
MARC
| LEADER | 00000ntm a22000003a 4500 | ||
|---|---|---|---|
| 001 | stuzp73953 | ||
| 003 | SK-STU | ||
| 005 | 20200910101111.3 | ||
| 007 | ta | ||
| 008 | 150427s2015----xo-----f-mn---000-0-slo-d | ||
| 040 | |a STU |b slo | ||
| 041 | 0 | |a slo | |
| 100 | 1 | |a Horváth, Matej |u 058180 |k Z4 |4 aut |U FAD Fakulta architektúry |T FA Ústav architektúry občianskych budov |X 65349 |U A8180 |Y 399 |7 65349 | |
| 242 | 0 | 1 | |a Church with Pastoral Centre, Bratislava |y eng |
| 245 | 1 | 0 | |a Kostol s pastoračným centrom, Bratislava |
| 260 | |c 2019 |a Bratislava | ||
| 650 | 4 | |a kostol |2 slo | |
| 650 | 4 | |a pastoračné centrum |2 slo | |
| 650 | 4 | |a sakrálna architektúra |2 slo | |
| 650 | 4 | |a pastoral centre |2 eng | |
| 650 | 4 | |a church |2 eng | |
| 650 | 4 | |a sacral architecture |2 eng | |
| 700 | 1 | |a Bátor, Jozef |u 058180 |k Z1 |4 ths |U FAD Fakulta architektúry |T FA Ústav architektúry občianskych budov |X 4810 |U A8180 |Y 399 |7 A000004810 | |
| 856 | 4 | |u http://is.stuba.sk/zp/portal_zp.pl?podrobnosti=146052 |u https://opac.crzp.sk/?fn=detailBiblioForm&sid=BCA102CB6C4CA54D44EBA775C35B | |